{"text_format":"3","workbook":"xlsx","n_sheets":1,"sheets":["t97"],"read":"whole","date_system":"1900"}

{"sheet":"t97","index":0,"n_rows":196,"n_cols":7,"rows_kept":196,"merged":[[0,0,0,6],[30,0,30,5],[46,0,46,5],[155,0,155,5]]}
["TABELA 97.1 - Estatísticas Agrícolas, Município de Caçapava, Estado de São Paulo, 2007/08."]
["ITEM","UNIDADE","N.DE UPAs","MÍNIMO","MÉDIO","MÁXIMO","TOTAL"]
["Distância à sede do município","km",210,{"v":2,"d":"2.0"},{"v":8.86,"d":"8.9"},{"v":22,"d":"22.0"},"-"]
["Área total","hectare",210,1.2,{"v":101,"d":"101.0"},{"v":1092.5,"d":"1,092.5"},{"v":21209.7,"d":"21,209.7"}]
["Área com cultura perene","hectare",21,0.5,{"v":5.67,"d":"5.7"},{"v":40,"d":"40.0"},119.1]
["Área com cultura temporária","hectare",127,0.5,{"v":23.34,"d":"23.3"},193.6,{"v":2963.8,"d":"2,963.8"}]
["Área com pastagem","hectare",175,{"v":1,"d":"1.0"},{"v":65.47,"d":"65.5"},{"v":435,"d":"435.0"},{"v":11457.7,"d":"11,457.7"}]
["Área com reflorestamento","hectare",39,0.5,{"v":70.79,"d":"70.8"},563.1,{"v":2760.8,"d":"2,760.8"}]
["Área com vegetação natural","hectare",109,0.5,{"v":25.29,"d":"25.3"},522.5,{"v":2756.3,"d":"2,756.3"}]
["Área com vegetação de brejo e várzea","hectare",38,0.2,{"v":5.57,"d":"5.6"},25.3,211.5]
["Área em descanso","hectare",9,{"v":1,"d":"1.0"},{"v":6.82,"d":"6.8"},{"v":20,"d":"20.0"},61.4]
["Área complementar","hectare",206,0.1,{"v":4.27,"d":"4.3"},98.1,879.1]
["Área das UPAs com (0, 1] ha","hectare","-","-","-","-","-"]
["Área das UPAs com (1, 2] ha","hectare",1,1.2,1.2,1.2,1.2]
["Área das UPAs com (2, 5] ha","hectare",16,2.4,{"v":3.93,"d":"3.9"},4.8,62.9]
["Área das UPAs com (5, 10] ha","hectare",17,5.5,{"v":7.54,"d":"7.5"},{"v":10,"d":"10.0"},128.2]
["Área das UPAs com (10, 20] ha","hectare",22,{"v":12,"d":"12.0"},{"v":15.83,"d":"15.8"},{"v":20,"d":"20.0"},348.2]
["Área das UPAs com (20, 50] ha","hectare",47,20.6,{"v":33.66,"d":"33.7"},{"v":50,"d":"50.0"},{"v":1582.2,"d":"1,582.2"}]
["Área das UPAs com (50, 100] ha","hectare",46,50.8,{"v":74.11,"d":"74.1"},{"v":99,"d":"99.0"},{"v":3409.2,"d":"3,409.2"}]
["Área das UPAs com (100, 200] ha","hectare",29,{"v":102,"d":"102.0"},{"v":142.83,"d":"142.8"},193.6,{"v":4142.1,"d":"4,142.1"}]
["Área das UPAs com (200, 500] ha","hectare",27,{"v":202,"d":"202.0"},{"v":291,"d":"291.0"},479.3,{"v":7856.9,"d":"7,856.9"}]
["Área das UPAs com (500, 1.000] ha","hectare",4,525.1,{"v":646.58,"d":"646.6"},852.6,{"v":2586.3,"d":"2,586.3"}]
["Área das UPAs com (1.000, 2.000] ha","hectare",1,{"v":1092.5,"d":"1,092.5"},{"v":1092.5,"d":"1,092.5"},{"v":1092.5,"d":"1,092.5"},{"v":1092.5,"d":"1,092.5"}]
["Área das UPAs com (2.000, 5.000] ha","hectare","-","-","-","-","-"]
["Área das UPAs com (5.000, 10.000] ha","hectare","-","-","-","-","-"]
["Área das UPAs acima de 10.000 ha","hectare","-","-","-","-","-"]
["Familiares do proprietário que trabalham na UPA","unidade",97,{"v":1,"d":"1.0"},{"v":1.49,"d":"1.5"},{"v":6,"d":"6.0"},{"v":145,"d":"145.0"}]
["Trabalhadores permanentes","unidade",166,{"v":1,"d":"1.0"},{"v":2.67,"d":"2.7"},{"v":17,"d":"17.0"},{"v":444,"d":"444.0"}]
["Fonte: Secretaria de Agricultura e Abastecimento, CDRS/IEA, Projeto LUPA."]
[]
["TABELA 97.2 - Explorações Animais, Município de Caçapava, Estado de São Paulo, 2007/08."]
["ITEM","UNIDADE","N.DE UPAs","MÍNIMO","MÉDIO","MÁXIMO","TOTAL"]
["Apicultura","colmeias",1,{"v":2,"d":"2.0"},{"v":2,"d":"2.0"},{"v":2,"d":"2.0"},{"v":2,"d":"2.0"}]
["Avestruzes e Ema (Criadouro)","cabeças",1,{"v":180,"d":"180.0"},{"v":180,"d":"180.0"},{"v":180,"d":"180.0"},{"v":180,"d":"180.0"}]
["Avicultura para Ovos","cabeças",4,{"v":50,"d":"50.0"},{"v":60,"d":"60.0"},{"v":80,"d":"80.0"},{"v":240,"d":"240.0"}]
["Bovinocultura de Corte","cabeças",61,{"v":10,"d":"10.0"},{"v":150.87,"d":"150.9"},{"v":1700,"d":"1,700.0"},{"v":9203,"d":"9,203.0"}]
["Bovinocultura Leiteira","cabeças",72,{"v":2,"d":"2.0"},{"v":82.82,"d":"82.8"},{"v":504,"d":"504.0"},{"v":5963,"d":"5,963.0"}]
["Bovinocultura Mista","cabeças",27,{"v":4,"d":"4.0"},{"v":31.85,"d":"31.9"},{"v":100,"d":"100.0"},{"v":860,"d":"860.0"}]
["Bubalinocultura","cabeças",1,{"v":11,"d":"11.0"},{"v":11,"d":"11.0"},{"v":11,"d":"11.0"},{"v":11,"d":"11.0"}]
["Caprinocultura","cabeças",3,{"v":15,"d":"15.0"},{"v":97.67,"d":"97.7"},{"v":150,"d":"150.0"},{"v":293,"d":"293.0"}]
["Equinocultura","cabeças",123,{"v":1,"d":"1.0"},{"v":5.51,"d":"5.5"},{"v":48,"d":"48.0"},{"v":678,"d":"678.0"}]
["Ovinocultura","cabeças",7,{"v":15,"d":"15.0"},{"v":75.43,"d":"75.4"},{"v":195,"d":"195.0"},{"v":528,"d":"528.0"}]
["Piscicultura","m² tanques",2,{"v":1000,"d":"1,000.0"},{"v":1500,"d":"1,500.0"},{"v":2000,"d":"2,000.0"},{"v":3000,"d":"3,000.0"}]
["Suinocultura","cabeças",4,{"v":6,"d":"6.0"},{"v":49,"d":"49.0"},{"v":130,"d":"130.0"},{"v":196,"d":"196.0"}]
["Fonte: Secretaria de Agricultura e Abastecimento, CDRS/IEA, Projeto LUPA."]
[]
["TABELA 97.3 -  Máquinas, Implementos e Benfeitorias, Município de Caçapava, Estado de São Paulo, 2007/08."]
["ITEM","UNIDADE","N.DE UPAs","MÍNIMO","MÉDIO","MÁXIMO","TOTAL"]
["Arado Comum (Bacia, Aiveca)","Unidade",61,{"v":1,"d":"1.0"},{"v":1.48,"d":"1.5"},{"v":6,"d":"6.0"},{"v":90,"d":"90.0"}]
["Arado Escarificador","Unidade",51,{"v":1,"d":"1.0"},{"v":1.24,"d":"1.2"},{"v":3,"d":"3.0"},{"v":63,"d":"63.0"}]
["Arado Subsolador","Unidade",16,{"v":1,"d":"1.0"},{"v":1.06,"d":"1.1"},{"v":2,"d":"2.0"},{"v":17,"d":"17.0"}]
["Batedeira de Cereais","Unidade",12,{"v":1,"d":"1.0"},{"v":1.08,"d":"1.1"},{"v":2,"d":"2.0"},{"v":13,"d":"13.0"}]
["Câmara Fria","Unidade",2,{"v":1,"d":"1.0"},{"v":1,"d":"1.0"},{"v":1,"d":"1.0"},{"v":2,"d":"2.0"}]
["Carregadeira de Cana","Unidade",9,{"v":1,"d":"1.0"},{"v":2,"d":"2.0"},{"v":3,"d":"3.0"},{"v":18,"d":"18.0"}]
["Colhedeira Acoplada","Unidade",6,{"v":1,"d":"1.0"},{"v":1.17,"d":"1.2"},{"v":2,"d":"2.0"},{"v":7,"d":"7.0"}]
["Colhedeira Automotriz","Unidade",10,{"v":1,"d":"1.0"},1.3,{"v":2,"d":"2.0"},{"v":13,"d":"13.0"}]
["Computador","Unidade",10,{"v":1,"d":"1.0"},1.1,{"v":2,"d":"2.0"},{"v":11,"d":"11.0"}]
["Conj.Irrigação Autopropelido","Unidade",3,{"v":1,"d":"1.0"},{"v":1,"d":"1.0"},{"v":1,"d":"1.0"},{"v":3,"d":"3.0"}]
["Conj.Irrigação Convencional","Unidade",12,{"v":1,"d":"1.0"},{"v":1.17,"d":"1.2"},{"v":2,"d":"2.0"},{"v":14,"d":"14.0"}]
["Conj.Irrigação/Gotejamento/Microaspersão","Unidade",1,{"v":1,"d":"1.0"},{"v":1,"d":"1.0"},{"v":1,"d":"1.0"},{"v":1,"d":"1.0"}]
["Conjunto de Fenação","Unidade",3,{"v":1,"d":"1.0"},{"v":1.33,"d":"1.3"},{"v":2,"d":"2.0"},{"v":4,"d":"4.0"}]
["Desintegrador de Palha (Plantio Direto)","Unidade",2,{"v":1,"d":"1.0"},{"v":1,"d":"1.0"},{"v":1,"d":"1.0"},{"v":2,"d":"2.0"}]
["Desintegrador, Picador, Triturador","Unidade",100,{"v":1,"d":"1.0"},{"v":1.35,"d":"1.4"},{"v":3,"d":"3.0"},{"v":135,"d":"135.0"}]
["Distribuidor de Calcário","Unidade",25,{"v":1,"d":"1.0"},{"v":1.16,"d":"1.2"},{"v":4,"d":"4.0"},{"v":29,"d":"29.0"}]
["Ensiladeira","Unidade",16,{"v":1,"d":"1.0"},{"v":1.38,"d":"1.4"},{"v":3,"d":"3.0"},{"v":22,"d":"22.0"}]
["Grade Aradora (Tipo Romi)","Unidade",45,{"v":1,"d":"1.0"},{"v":1.24,"d":"1.2"},{"v":3,"d":"3.0"},{"v":56,"d":"56.0"}]
["Grade Niveladora","Unidade",32,{"v":1,"d":"1.0"},1.5,{"v":6,"d":"6.0"},{"v":48,"d":"48.0"}]
["Implementos para Tração Animal","Unidade",3,{"v":1,"d":"1.0"},{"v":1.67,"d":"1.7"},{"v":3,"d":"3.0"},{"v":5,"d":"5.0"}]
["Microtrator","Unidade",7,{"v":1,"d":"1.0"},{"v":1,"d":"1.0"},{"v":1,"d":"1.0"},{"v":7,"d":"7.0"}]
["Misturador de Ração","Unidade",5,{"v":1,"d":"1.0"},{"v":1,"d":"1.0"},{"v":1,"d":"1.0"},{"v":5,"d":"5.0"}]
["Ordenhadeira Mecânica","Unidade",24,{"v":1,"d":"1.0"},{"v":1.17,"d":"1.2"},{"v":2,"d":"2.0"},{"v":28,"d":"28.0"}]
["Pulverizador Tratorizado","Unidade",27,{"v":1,"d":"1.0"},{"v":1.37,"d":"1.4"},{"v":3,"d":"3.0"},{"v":37,"d":"37.0"}]
["Resfriador de Leite, Tanque Expansão","Unidade",37,{"v":1,"d":"1.0"},{"v":1.14,"d":"1.1"},{"v":2,"d":"2.0"},{"v":42,"d":"42.0"}]
["Semeadeira/Adubadeira para Plantio Convencional","Unidade",19,{"v":1,"d":"1.0"},{"v":1.58,"d":"1.6"},{"v":4,"d":"4.0"},{"v":30,"d":"30.0"}]
["Semeadeira/Plantadeira Plantio Direto","Unidade",16,{"v":1,"d":"1.0"},{"v":1.31,"d":"1.3"},{"v":4,"d":"4.0"},{"v":21,"d":"21.0"}]
["Terraceador","Unidade",28,{"v":1,"d":"1.0"},{"v":1.75,"d":"1.8"},{"v":5,"d":"5.0"},{"v":49,"d":"49.0"}]
["Trator de Esteiras","Unidade",1,{"v":2,"d":"2.0"},{"v":2,"d":"2.0"},{"v":2,"d":"2.0"},{"v":2,"d":"2.0"}]
["Trator de Pneus","Unidade",98,{"v":1,"d":"1.0"},{"v":1.82,"d":"1.8"},{"v":8,"d":"8.0"},{"v":178,"d":"178.0"}]
["Açude/Represa","Unidade",105,{"v":1,"d":"1.0"},{"v":1.91,"d":"1.9"},{"v":7,"d":"7.0"},{"v":201,"d":"201.0"}]
["Adega Cantina","Unidade",1,{"v":1,"d":"1.0"},{"v":1,"d":"1.0"},{"v":1,"d":"1.0"},{"v":1,"d":"1.0"}]
["Alambique","Unidade",1,{"v":1,"d":"1.0"},{"v":1,"d":"1.0"},{"v":1,"d":"1.0"},{"v":1,"d":"1.0"}]
["Almoxarifado/Oficina","Unidade",31,{"v":1,"d":"1.0"},{"v":1,"d":"1.0"},{"v":1,"d":"1.0"},{"v":31,"d":"31.0"}]
["Armazém para Grãos Ensacados","Sacas",12,{"v":1,"d":"1.0"},{"v":1.17,"d":"1.2"},{"v":2,"d":"2.0"},{"v":14,"d":"14.0"}]
["Balança para Bovinos","Unidade",12,{"v":1,"d":"1.0"},{"v":1,"d":"1.0"},{"v":1,"d":"1.0"},{"v":12,"d":"12.0"}]
["Balança para Veículos","Unidade",1,{"v":1,"d":"1.0"},{"v":1,"d":"1.0"},{"v":1,"d":"1.0"},{"v":1,"d":"1.0"}]
["Barracão para Granja/Avicultura","Unidade",1,{"v":1,"d":"1.0"},{"v":1,"d":"1.0"},{"v":1,"d":"1.0"},{"v":1,"d":"1.0"}]
["Barracão/Galpão/Garagem","Unidade",93,{"v":1,"d":"1.0"},{"v":1.52,"d":"1.5"},{"v":8,"d":"8.0"},{"v":141,"d":"141.0"}]
["Casa de Moradia Habitada","Unidade",185,{"v":1,"d":"1.0"},3.5,{"v":20,"d":"20.0"},{"v":647,"d":"647.0"}]
["Casa de Moradia Total","Unidade",187,{"v":1,"d":"1.0"},{"v":3.57,"d":"3.6"},{"v":20,"d":"20.0"},{"v":667,"d":"667.0"}]
["Curral/Mangueira","Unidade",118,{"v":1,"d":"1.0"},{"v":1.15,"d":"1.2"},{"v":3,"d":"3.0"},{"v":136,"d":"136.0"}]
["Depósito/Tulha","Unidade",26,{"v":1,"d":"1.0"},{"v":1.27,"d":"1.3"},{"v":4,"d":"4.0"},{"v":33,"d":"33.0"}]
["Engenho","Unidade",1,{"v":1,"d":"1.0"},{"v":1,"d":"1.0"},{"v":1,"d":"1.0"},{"v":1,"d":"1.0"}]
["Estábulo","Unidade",64,{"v":1,"d":"1.0"},{"v":1.36,"d":"1.4"},{"v":9,"d":"9.0"},{"v":87,"d":"87.0"}]
["Estufa/Plasticultura","m²",3,{"v":30,"d":"30.0"},{"v":456.67,"d":"456.7"},{"v":1200,"d":"1,200.0"},{"v":1370,"d":"1,370.0"}]
["Fábrica de Ração","Unidade",2,{"v":1,"d":"1.0"},{"v":1,"d":"1.0"},{"v":1,"d":"1.0"},{"v":2,"d":"2.0"}]
["Instalações para Equinos","Unidade",7,{"v":1,"d":"1.0"},{"v":18.14,"d":"18.1"},{"v":60,"d":"60.0"},{"v":127,"d":"127.0"}]
["Máquina de Benefício","Unidade",1,{"v":1,"d":"1.0"},{"v":1,"d":"1.0"},{"v":1,"d":"1.0"},{"v":1,"d":"1.0"}]
["Olaria","Unidade",1,{"v":1,"d":"1.0"},{"v":1,"d":"1.0"},{"v":1,"d":"1.0"},{"v":1,"d":"1.0"}]
["Pocilga","Unidade",10,{"v":1,"d":"1.0"},9.4,{"v":30,"d":"30.0"},{"v":94,"d":"94.0"}]
["Poço Semi-Artesiano","Unidade",47,{"v":1,"d":"1.0"},{"v":1.15,"d":"1.2"},{"v":4,"d":"4.0"},{"v":54,"d":"54.0"}]
["Secador de Grãos","Unidade",6,{"v":1,"d":"1.0"},{"v":1,"d":"1.0"},{"v":1,"d":"1.0"},{"v":6,"d":"6.0"}]
["Silo para Grãos","t",6,{"v":2,"d":"2.0"},{"v":83.83,"d":"83.8"},{"v":395,"d":"395.0"},{"v":503,"d":"503.0"}]
["Silo para Silagem","t",17,{"v":5,"d":"5.0"},{"v":713.24,"d":"713.2"},{"v":3600,"d":"3,600.0"},{"v":12125,"d":"12,125.0"}]
["Terreiro","m²",10,{"v":1,"d":"1.0"},241.1,{"v":800,"d":"800.0"},{"v":2411,"d":"2,411.0"}]
["Fonte: Secretaria de Agricultura e Abastecimento, CDRS/IEA, Projeto LUPA."]
[]
["TABELA 97.4 - Outras Estatísticas Agrícolas, Município de Caçapava, Estado de São Paulo, 2007/08."]
["ITEM","Número de UPAs",null,"Percentual"]
["Faz Parte de Associação de Produtores",14,null,{"v":6.666666666666667,"d":"6.7"}]
["Faz Parte de Cooperativa de Produtores",46,null,{"v":21.904761904761905,"d":"21.9"}]
["Faz Parte do Sindicato de Produtores",124,null,{"v":59.047619047619044,"d":"59.0"}]
["Não utiliza assistência técnica ",163,null,{"v":77.61904761904762,"d":"77.6"}]
["Utiliza somente assistência técnica governamental ",8,null,{"v":3.8095238095238093,"d":"3.8"}]
["Utiliza somente assistência técnica privada ",34,null,{"v":16.19047619047619,"d":"16.2"}]
["Utiliza assistência técnica tanto governamental quanto privada",5,null,{"v":2.380952380952381,"d":"2.4"}]
["Utiliza Crédito Rural",9,null,{"v":4.2857142857142865,"d":"4.3"}]
["Utiliza Seguro Rural",6,null,{"v":2.857142857142857,"d":"2.9"}]
["Utiliza Escrituração Agrícola",35,null,{"v":16.666666666666668,"d":"16.7"}]
["Acessa Internet p/ Fins na Agropecuária",33,null,{"v":15.714285714285714,"d":"15.7"}]
["Utiliza Computador nas Atividades Agropecuárias",32,null,{"v":15.238095238095237,"d":"15.2"}]
["Utiliza Energia Elétrica Para Uso na Atividade Agrícola",189,null,{"v":90,"d":"90.0"}]
["Realiza Análise de Solo, quando necessário",150,null,{"v":71.42857142857143,"d":"71.4"}]
["Utiliza Práticas de Conservação de Solo, quando necessário",154,null,{"v":73.33333333333333,"d":"73.3"}]
["Faz Adubação Mineral, quando necessário",163,null,{"v":77.61904761904762,"d":"77.6"}]
["Faz Adubação Orgânica, quando necessário",130,null,{"v":61.904761904761905,"d":"61.9"}]
["Faz Adubação Verde, quando necessário",2,null,{"v":0.9523809523809524,"d":"1.0"}]
["Utiliza Manejo Integrado de Pragas (MIP)","-",null,"-"]
["Utiliza Hidroponia","-",null,"-"]
["Utiliza Plasticultura",1,null,{"v":0.4761904761904762,"d":"0.5"}]
["Utiliza Mudas Fiscalizadas",70,null,{"v":33.333333333333336,"d":"33.3"}]
["Utiliza Semente Melhorada",58,null,{"v":27.619047619047617,"d":"27.6"}]
["Faz Confinamento de Bovinos",4,null,{"v":1.9047619047619049,"d":"1.9"}]
["Utiliza Pastejo Intensivo",35,null,{"v":16.666666666666668,"d":"16.7"}]
["Faz Inseminação Artificial",25,null,{"v":11.904761904761905,"d":"11.9"}]
["Faz Mineralização do Rebanho",147,null,{"v":70,"d":"70.0"}]
["Faz Vermifugação do Rebanho",147,null,{"v":70,"d":"70.0"}]
["Possui Parceiros /Arrendatários na Exploração Animal",21,null,{"v":10,"d":"10.0"}]
["Esporte e lazer",5,null,{"v":2.380952380952381,"d":"2.4"}]
["Extração mineral",4,null,{"v":1.9047619047619049,"d":"1.9"}]
["Hotel Fazenda, Pousada ou SPA","-",null,"-"]
["Pesque-pague",1,null,{"v":0.4761904761904762,"d":"0.5"}]
["Restaurante ou Lanchonete",4,null,{"v":1.9047619047619049,"d":"1.9"}]
["Transformação artesanal",1,null,{"v":0.4761904761904762,"d":"0.5"}]
["Turismo rural ou ecoturismo",3,null,{"v":1.4285714285714286,"d":"1.4"}]
["Outras atividades econômicas rurais",4,null,{"v":1.9047619047619049,"d":"1.9"}]
["Agroindústria","-",null,"-"]
["Proprietário sem instrução ou com instrução incompleta","-",null,"-"]
["Proprietário com antigo primário completo",36,null,{"v":17.142857142857142,"d":"17.1"}]
["Proprietário com 1° grau (ou antigo ginasial) completo",36,null,{"v":17.142857142857142,"d":"17.1"}]
["Proprietário com 2° grau (ou antigo colegial) completo",35,null,{"v":16.666666666666668,"d":"16.7"}]
["Proprietário com curso superior completo ",93,null,{"v":44.285714285714285,"d":"44.3"}]
["Pessoa Jurídica",10,null,{"v":4.761904761904762,"d":"4.8"}]
["Proprietário residente na própria UPA ",43,null,{"v":20.476190476190478,"d":"20.5"}]
["Fonte: Secretaria de Agricultura e Abastecimento, CDRS/IEA, Projeto LUPA."]
[]
["TABELA 97.5 - Área Cultivada, Município de Caçapava, Estado de São Paulo, 2007/08."]
["CULTURA","N.DE UPAs","MÍNIMO","MÉDIO","MÁXIMO","TOTAL"]
["Braquiaria",167,{"v":1,"d":"1.0"},{"v":55.72,"d":"55.7"},{"v":435,"d":"435.0"},{"v":9305.2,"d":"9,305.2"}]
["Eucalipto",39,0.5,{"v":70.79,"d":"70.8"},563.1,{"v":2760.8,"d":"2,760.8"}]
["Cana-de-acucar",99,0.5,{"v":12.92,"d":"12.9"},{"v":100,"d":"100.0"},{"v":1279.5,"d":"1,279.5"}]
["Arroz",16,3.4,{"v":61.44,"d":"61.4"},193.6,983.1]
["Gramas",36,{"v":1,"d":"1.0"},{"v":23.93,"d":"23.9"},71.4,861.5]
["Capim-napier (ou capim-elefante)",104,0.5,4.9,{"v":56,"d":"56.0"},509.1]
["Outras gramineas para pastagem",11,1.5,{"v":45.35,"d":"45.4"},{"v":157,"d":"157.0"},498.8]
["Milho",15,{"v":2,"d":"2.0"},{"v":16.03,"d":"16.0"},{"v":50,"d":"50.0"},240.4]
["Milho-silagem",15,{"v":1,"d":"1.0"},{"v":15.21,"d":"15.2"},{"v":80,"d":"80.0"},228.2]
["Coloniao",6,{"v":9,"d":"9.0"},{"v":34.35,"d":"34.4"},67.5,206.1]
["Feijao",9,{"v":3,"d":"3.0"},{"v":13.66,"d":"13.7"},{"v":55,"d":"55.0"},122.9]
["Sorgo",6,{"v":2,"d":"2.0"},{"v":11,"d":"11.0"},{"v":30,"d":"30.0"},{"v":66,"d":"66.0"}]
["Sorgo-forrageiro",3,{"v":10,"d":"10.0"},{"v":15,"d":"15.0"},{"v":20,"d":"20.0"},{"v":45,"d":"45.0"}]
["Cafe",3,{"v":1,"d":"1.0"},{"v":14.33,"d":"14.3"},{"v":40,"d":"40.0"},{"v":43,"d":"43.0"}]
["Banana",7,{"v":1,"d":"1.0"},{"v":5.29,"d":"5.3"},{"v":19,"d":"19.0"},{"v":37,"d":"37.0"}]
["Capim-gordura",1,{"v":30,"d":"30.0"},{"v":30,"d":"30.0"},{"v":30,"d":"30.0"},{"v":30,"d":"30.0"}]
["Laranja",5,{"v":1,"d":"1.0"},{"v":3.96,"d":"4.0"},10.1,19.8]
["Floricultura para corte",2,{"v":5,"d":"5.0"},{"v":9.75,"d":"9.8"},14.5,19.5]
["Mandioca",2,{"v":3,"d":"3.0"},3.5,{"v":4,"d":"4.0"},{"v":7,"d":"7.0"}]
["Pomar domestico",5,0.5,{"v":1.32,"d":"1.3"},{"v":2,"d":"2.0"},6.6]
["Pupunha",2,2.4,3.2,{"v":4,"d":"4.0"},6.4]
["Aveia",1,{"v":5,"d":"5.0"},{"v":5,"d":"5.0"},{"v":5,"d":"5.0"},{"v":5,"d":"5.0"}]
["Fruta-do-conde (ou pinha, ou anona)",2,{"v":1,"d":"1.0"},{"v":2,"d":"2.0"},{"v":3,"d":"3.0"},{"v":4,"d":"4.0"}]
["Caqui",3,0.4,{"v":1.17,"d":"1.2"},1.6,3.5]
["Alface",3,0.2,0.9,{"v":2,"d":"2.0"},2.7]
["Coco-da-baia",1,2.4,2.4,2.4,2.4]
["Alfafa",1,{"v":2,"d":"2.0"},{"v":2,"d":"2.0"},{"v":2,"d":"2.0"},{"v":2,"d":"2.0"}]
["Jabuticaba",1,1.8,1.8,1.8,1.8]
["Couve-flor",2,0.5,0.5,0.5,{"v":1,"d":"1.0"}]
["Repolho",2,0.5,0.5,0.5,{"v":1,"d":"1.0"}]
["Lichia",1,{"v":1,"d":"1.0"},{"v":1,"d":"1.0"},{"v":1,"d":"1.0"},{"v":1,"d":"1.0"}]
["Maracuja",1,0.8,0.8,0.8,0.8]
["Brocolos (ou brocolis)",1,0.5,0.5,0.5,0.5]
["Jilo",1,0.2,0.2,0.2,0.2]
["Cebolinha",1,0.2,0.2,0.2,0.2]
["Couve (ou couve-crespa)",1,0.2,0.2,0.2,0.2]
["Berinjela",1,0.2,0.2,0.2,0.2]
["Mandioquinha",1,0.2,0.2,0.2,0.2]
["Fonte: Secretaria de Agricultura e Abastecimento, CDRS/IEA, Projeto LUPA."]